[Event "Titled Tuesday intern op 23rd Apr Early"]
[Site "Chess.com INT"]
[Date "2024.04.23"]
[Round "5"]
[White "Gatterer, Florian"]
[Black "Ivanov, Aleksandr Y"]
[Result "1-0"]
[WhiteElo "2170"]
[BlackElo "2068"]
[PlyCount "49"]
[EventDate "2024.04.23"]
[EventType "swiss (blitz)"]
[EventRounds "11"]
[EventCountry "USA"]
[SourceTitle "EXT 2025"]
[Source "ChessBase"]
[SourceDate "2024.10.14"]
[SourceVersion "1"]
[SourceVersionDate "2024.10.14"]
[SourceQuality "1"]

1. e4 e6 2. d4 d5 3. e5 c5 4. c3 Nc6 5. Nf3 Qb6 6. Be2 cxd4 7. cxd4 Nh6 8. Bxh6 Qxb2 9. Nbd2 gxh6 10. Rb1 Qa3 11. 0-0 Bg7 12. Re1 0-0 13. Nf1 a6 14. Ng3 f6 15. Nh5 fxe5 16. Nxg7 Kxg7 17. Rb3 Qxa2 18. Nxe5 Nxe5 19. dxe5 b5 20. Rg3+ Kh8 21. Qc1 Ra7 22. Qxh6 Raf7 23. Rf3 Qc2 24. Rxf7 Rxf7 25. Rc1 1-0

[Event "Titled Tuesday intern op 23rd Apr Early"]
[Site "Chess.com INT"]
[Date "2024.04.23"]
[Round "8"]
[White "Ivanov, Aleksandr Y"]
[Black "Carrasco Miranda, Andres"]
[Result "1-0"]
[WhiteElo "2068"]
[BlackElo "2221"]
[PlyCount "69"]
[EventDate "2024.04.23"]
[EventType "swiss (blitz)"]
[EventRounds "11"]
[EventCountry "USA"]
[SourceTitle "EXT 2025"]
[Source "ChessBase"]
[SourceDate "2024.10.14"]
[SourceVersion "1"]
[SourceVersionDate "2024.10.14"]
[SourceQuality "1"]

1. d4 Nf6 2. c4 g6 3. Nc3 Bg7 4. e4 d6 5. Nf3 0-0 6. Be2 e5 7. Be3 Nc6 8. d5 Ne7 9. Nd2 Ne8 10. b4 a5 11. a3 f5 12. f3 Kh8 13. c5 Ng8 14. Nc4 Bh6 15. Bf2 Qg5 16. g3 Ngf6 17. cxd6 cxd6 18. Nb5 fxe4 19. Be3 Qh5 20. fxe4 Bg4 21. Bxg4 Nxg4 22. Bxh6 Qxh6 23. Qxg4 axb4 24. Rf1 Rxf1+ 25. Kxf1 bxa3 26. Kg2 a2 27. Qe2 Nf6 28. Nbxd6 Qf8 29. Rxa2 Rxa2 30. Qxa2 b5 31. Nxe5 Kg7 32. Qa7+ Kh6 33. Ndf7+ Kh5 34. Qf2 Qa3 35. Qf3+ 1-0

[Event "Titled Tuesday intern op 23rd Apr Late"]
[Site "Chess.com INT"]
[Date "2024.04.23"]
[Round "1"]
[White "Ivanov, Aleksandr Y"]
[Black "Domalchuk Jonasson, Aleksandr"]
[Result "0-1"]
[WhiteElo "2068"]
[BlackElo "2368"]
[PlyCount "94"]
[EventDate "2024.04.23"]
[EventType "swiss (blitz)"]
[EventRounds "11"]
[EventCountry "USA"]
[SourceTitle "CBM 219 Extra"]
[Source "ChessBase"]
[SourceDate "2024.05.31"]
[SourceVersion "1"]
[SourceVersionDate "2024.05.31"]
[SourceQuality "1"]

1. d4 Nf6 2. c4 b6 3. Nf3 Bb7 4. Nc3 e6 5. Qc2 Bb4 6. a3 Bxc3+ 7. Qxc3 0-0 8. Bg5 h6 9. Bh4 d5 10. e3 Nbd7 11. cxd5 exd5 12. Bd3 c5 13. 0-0 Re8 14. h3 Rc8 15. Rfc1 Qe7 16. Qd2 Ne4 17. Bxe7 Nxd2 18. Nxd2 Rxe7 19. dxc5 bxc5 20. Bf5 g6 21. Bg4 f5 22. Bf3 Ne5 23. Be2 Kf7 24. Nb3 Rec7 25. Rd1 Ke6 26. Rac1 Kd6 27. Nd2 Bc6 28. Nc4+ Nxc4 29. Bxc4 Ke5 30. Ba6 Bb7 31. Bxb7 Rxb7 32. Rd2 c4 33. Rcd1 Rc5 34. Kf1 Rb3 35. Ke1 Rcb5 36. Kf1 Rxb2 37. Rxb2 Rxb2 38. Ra1 c3 39. Ke1 d4 40. exd4+ Kxd4 41. Rd1+ Kc4 42. Rd7 Rb1+ 43. Ke2 c2 44. Rc7+ Kb3 45. Kd2 Rd1+ 46. Ke2 c1Q 47. Rb7+ Ka2 0-1